01160 a2200181 45000010006000000050017000060080041000230030015000640400040000790800057001192450110001760200018002862640044003043000023003485050571003710410008009421000028009505769820260407155836.0260407a1989 arg spa dAR-UNSa-BCEJYS aAR-UNSa-BCEJYSbspacAR-UNSa-BCEJYS a658.5xPlanificación y control de la producción 10aManufactura de categoria mundialpaplicación de las últimas técnicas para optimizar la producción a958-04-0800-9 1aBogotá :bGrupo Editorial Normac1989 axi, 292 p.c23 cm. a1. Más rapido, más alto, más fuerte - 2. Operadores de línea y datos de operación - 3. Los funcionarios como actores secundarios - 4. Sobreestimación del papel del capital ( automatización en cámara lenta) - 5. La economía de multiplos - 6. Centro de responsabilidad - 7. Enfoque sobre la calidad - 8. La influencia del diseño - 9. Socios en las ganancias: proveedores, transportadores, clientes - 10. Modelos sencillos, sistemas sencillos - 11. Cómo dirigir la transformación - 12. Capacitación: el catalizador - 13. La estrategia revelada aspa1 aSchonberger, Richard J.